000 00234nam a2200109Ia 4500
008 190216s9999||||xx |||||||||||||| ||und||
100 _aSreekant Varma
245 0 _aHindi-Samrad
260 _bRajkamal
650 _aHindi
942 _cBK
999 _c15295
_d15295